Perspektívy demografického vývoja v Afrike

Ztrojnásobenie počtu obyvateľov Afriky v priebehu 40 rokov. Populačná explózia a jej dopad na zabezpečenie životných potrieb. Vplyv globalizácie a humanitárnej pomoci na zmenu demografického vývoja. Dopad vírusu HIV, eboly a malárie na africkú populáciu. Budúcnosť populačného vývoja - zmena k stagná...

Descrizione completa

Salvato in:
Dettagli Bibliografici
Autore principale: Macáková, Drahomíra
Natura: Capitolo di libro
Lingua:slovacco
Soggetti:
Tags: Aggiungi Tag
Nessun Tag, puoi essere il primo ad aggiungerne!!

MARC

LEADER 00000nla a2200000 4500
001 0201929
005 20240417075057.9
041 0 |a slo 
044 |a CZ 
245 1 0 |a Perspektívy demografického vývoja v Afrike  |c Drahomíra Macáková 
520 |a Ztrojnásobenie počtu obyvateľov Afriky v priebehu 40 rokov. Populačná explózia a jej dopad na zabezpečenie životných potrieb. Vplyv globalizácie a humanitárnej pomoci na zmenu demografického vývoja. Dopad vírusu HIV, eboly a malárie na africkú populáciu. Budúcnosť populačného vývoja - zmena k stagnácii a úbytku obyvateľstva v Afrike? 
610 2 0 |a demografia 
610 2 0 |a populácia 
610 2 0 |a vývoj populačný 
610 2 0 |a úmrtnosť 
610 2 0 |a pôrodnosť 
610 2 0 |a krajiny rozvojové 
610 2 0 |a úroveň životná 
610 2 0 |a chorobnosť 
610 2 0 |a pomoc humanitárna 
610 2 0 |a Afrika 
100 1 |a Macáková, Drahomíra